Rabindra Sahithia (Record no. 13356)

MARC details
000 -LEADER
fixed length control field 00372nam a2200145Ia 4500
008 - FIXED-LENGTH DATA ELEMENTS--GENERAL INFORMATION
fixed length control field 211109s9999||||xx |||||||||||||| ||und||
082 ## - DEWEY DECIMAL CLASSIFICATION NUMBER
Classification number 891.43
Item number JAI-R
100 ## - MAIN ENTRY--PERSONAL NAME
Personal name Jain, Dhanyakumar
245 #0 - TITLE STATEMENT
Title Rabindra Sahithia
260 ## - PUBLICATION, DISTRIBUTION, ETC.
Name of publisher, distributor, etc. H G
Place of publication, distribution, etc. Calcutta
Date of publication, distribution, etc. 1900
300 ## - PHYSICAL DESCRIPTION
Extent 223p.
630 ## - SUBJECT ADDED ENTRY--UNIFORM TITLE
General subdivision General Stack
650 ## - SUBJECT ADDED ENTRY--TOPICAL TERM
Topical term or geographic name entry element LITERATURE
942 ## - ADDED ENTRY ELEMENTS (KOHA)
Koha item type BOOK
650 ## - SUBJECT ADDED ENTRY--TOPICAL TERM
Form subdivision HINDI LITERATURE
General subdivision Generalia
Holdings
Withdrawn status Lost status Source of classification or shelving scheme Damaged status Not for loan Home library Current library Date acquired Cost, normal purchase price Total Checkouts Full call number Barcode Shelving location Date last seen Price effective from Koha item type
    Dewey Decimal Classification     SB LIBRARY SB LIBRARY 09/11/2021 100.00   891.433 JAI-R 00013946 GENERAL STACK 09/11/2021 09/11/2021 BOOK

Powered by Koha